Logo BPK

Biblioteka

Politechniki Koszalińskiej

Środki trwałe w rachunkowości i podatkach / (Rekord nr 49571)

Szczegóły MARC
000 -ETYKIETA REKORDU
podpole kontrolne o stałej długości 00635nam a2200229 i 4500
001 - NUMER KONTROLNY REKORDU
pole kontrolne bg
020 ## - MIĘDZYNARODOWY ZNORMALIZOWANY NUMER KSIĄŻKI - ISBN
ISBN 8372869553
040 ## - ŹRÓDŁO KATALOGOWANIA
Instytucja, która utworzyła rekord BPK
041 0# - KOD JĘZYKA
Kod języka tekstu pol
044 ## - KOD KRAJU WYDAWCY/PRODUCENTA
Kod kraju wydawcy/producenta POL
080 ## - UNIWERSALNA KLASYFIKACJA DZIESIĘTNA - UKD
UKD 346.52:658.2](438)
920 ## - Międzynarodowy znormalizowany numer książki – ISBN
ISBN 83-7286-955-3
008 - POLE O STAŁEJ DŁUGOŚCI - DANE KONTROLNE
podpole kontrolne o stałej długości s pl f |000 0 pol
100 1# - NAZWA OSOBOWA
Nazwa osobowa Łuszpińska, Anna.
245 0# - TYTUŁ/ODPOWIEDZIALNOŚĆ
Tytuł Środki trwałe w rachunkowości i podatkach /
Pozostałe elementy strefy tytułu i oznaczenia odpowiedzialności Anna Łuszpińska.
260 ## - STREFA ADRESU WYDAWNICZEGO
Miejsce wydania Warszawa :
Nazwa wydawcy/dystrybutora Wydawnictwo "Wiedza i Praktyka",
Data publikacji, dystrybucji/powstania dokumentu cop. 2005.
300 ## - STREFA OPISU FIZYCZNEGO
Objętość 51, [1] s. ;
Rozmiary 21 cm.
650 #9 - HASŁO PRZEDMIOTOWE W FORMIE NAZWY OGÓLNEJ LUB JEDNOSTKOWEJ
Nazwa ogólna lub geograficzna Środki trwałe
Określnik ogólny prawo
Określnik geograficzny Polska
Określnik chronologiczny stan na 2005 r.
655 ## - TERMIN INDEKSOWY - OKREŚLENIE RODZAJU/FORMY DOKUMENTU
Określenie rodzaju/formy dokumentu Poradniki
856 ## - LOKALIZACJA I DOSTĘP DO ELEKTRONICZNYCH DOKUMENTÓW ZDALNYCH
Link (URL) http://koha.tu.koszalin.pl/cgi-bin/koha/opac-detail.pl?biblionumber=49571
Tekst linku Katalog online BPK
942 ## - DODATKOWE ELEMENTY (KOHA)
Typ dokumentu Książka
Egzemplarze
Wycofany Status egzemplarza Uszkodzony Dostępność Lokalizacja stała Lokalizacja bieżąca Miejsce przechowywania Sygnatura Kod kreskowy Typ dokumentu
      Tylko na miejscu Biblioteka Politechniki Koszalińskiej Biblioteka Politechniki Koszalińskiej Czytelnia Wydziałowa ul. Kwiatkowskiego 6e S 1000 02383880 Książka
© 2023 Biblioteka Politechniki Koszalińskiej :: KOHA